书目信息 |
| 题名: |
新疆盛宴
|
|
| 作者: | 沈苇 著 | |
| 分册: | ||
| 出版信息: | 北京 中国青年出版社 2003 |
|
| 页数: | 373页 | |
| 开本: | 21cm | |
| 丛书名: | ||
| 单 册: | ||
| 中图分类: | K928.945 | |
| 科图分类: | ||
| 主题词: | 旅游指南--新疆 | |
| 电子资源: | ||
| ISBN: | 7-5006-5166-X | |
| 000 | 00994nam0 2200301 450 | |
| 000 | 00957nam0 2200289 450 | |
| 000 | 00926nam0 2200289 450 | |
| 000 | 00872nam0 2200265 450 | |
| 000 | 00879nam0 2200253 450 | |
| 000 | 00842nam0 2200241 45 | |
| 001 | TS2006029022 | |
| 005 | 20070111170526.29 | |
| 010 | @a7-5006-5166-X@dCNY48.00 | |
| 100 | @a20060829d2003 em y0chiy0120 ea | |
| 101 | 0 | @achi |
| 102 | @aCN@b110000 | |
| 105 | @aab z 000yy | |
| 200 | 1 | @a新疆盛宴@AXin Jiang Sheng Yan@e亚洲腹地自助之旅@EYa Zhou Fu Di Zi Zhu Zhi Lu^@f沈苇著@FShen Wei Zhu |
| 210 | @a北京@c中国青年出版社@d2003 | |
| 215 | @a373页@c图, 地图@d21cm | |
| 517 | 1 | @a亚洲腹地自助之旅@AYa Zhou Fu Di Zi Zhu Zhi Lu^ |
| 606 | 0 | @a旅游指南@x新疆 |
| 690 | @aK928.945@v4 | |
| 701 | 0 | @a沈苇@AShen Wei@4著 |
| 801 | 0 | @aCN@b中图数据@c20070111 |
| 905 | @a10447@dK928.945@e427 | |
| 新疆盛宴:亚洲腹地自助之旅/沈苇著.-北京:中国青年出版社,2003 |
| 373页:图, 地图;21cm |
| ISBN 7-5006-5166-X:CNY48.00 |
| ● |
| 相关链接 |
|
|
|
|
正题名:新疆盛宴
索取号:K928.945/427
 
预约/预借
| 序号 | 登录号 | 条形码 | 馆藏地/架位号 | 状态 | 备注 |
| 1 | 0609171 | 206091717 | 第二样本阅览室/ [索取号:K928.945/427] | 在馆 | |
| 2 | 0609172 | 206091726 | 第二借阅区/ [索取号:K928.945/427] | 在馆 | |
| 3 | 0609173 | 206091735 | 第二借阅区/ [索取号:K928.945/427] | 在馆 | |
| 4 | 0609174 | 206091744 | 第二借阅区/ [索取号:K928.945/427] | 在馆 |